Ships of Famous Captains - Statistics

General Stats
  • This quiz has been taken 324 times
  • The average score is 5 of 16
Answer Stats
Hint Answer % Correct
Christopher Columbus Santa Maria
81%
Charles Darwin Beagle
75%
William Bligh Bounty
75%
Horatio Nelson Victory
60%
Sir Francis Drake Golden Hind
56%
James Cook Endeavour
44%
Black Beard Queen Anne's Revenge
32%
Captain Ahab Pequod
24%
Edward Smith Titanic
23%
Captain Hook Jolly Roger
14%
Robert Falcon Scott Discovery
12%
Sir Francis Chichester Gypsy Moth
12%
Captain Smollett Hispaniola
7%
Henry Hudson Half Moon
5%
Matthew Flinders Investigator
3%
William Dampier Roebuck
2%
No matching quizzes found
Score Distribution
Percent of People with Each Score
Percentile by Number Answered
Your Score History
You have not taken this quiz